Akta Perdagangan Strategik 2010 : Peraturan-Peraturan Perdagangan Strategik ( Resolusi Majlis Keselamatan Pertubuhan Bangsa-Bangsa Bersatu) 2010 [P.U.(A) 481/2010] = (Record no. 2436)
[ view plain ]
| 000 -LEADER | |
|---|---|
| fixed length control field | nam a22 a 4500 |
| 005 - DATE AND TIME OF LATEST TRANSACTION | |
| control field | 20170516123537.0 |
| 008 - FIXED-LENGTH DATA ELEMENTS--GENERAL INFORMATION | |
| fixed length control field | 170516s2010 my ||||| |||| 00| 0 eng d |
| 040 ## - CATALOGING SOURCE | |
| Original cataloging agency | AKMAL |
| 082 ## - DEWEY DECIMAL CLASSIFICATION NUMBER | |
| Classification number | 343.5950855 MAL |
| 090 ## - LOCALLY ASSIGNED LC-TYPE CALL NUMBER (OCLC); LOCAL CALL NUMBER (RLIN) | |
| Classification number (OCLC) (R) ; Classification number, CALL (RLIN) (NR) | 343.5950855 |
| Local cutter number (OCLC) ; Book number/undivided call number, CALL (RLIN) | MAL |
| 110 ## - MAIN ENTRY--CORPORATE NAME | |
| Corporate name or jurisdiction name as entry element | Malaysia |
| Subordinate unit | Kementerian Perdagangan Antarabangsa dan Industri |
| 9 (RLIN) | 514 |
| 245 10 - TITLE STATEMENT | |
| Title | Akta Perdagangan Strategik 2010 : Peraturan-Peraturan Perdagangan Strategik ( Resolusi Majlis Keselamatan Pertubuhan Bangsa-Bangsa Bersatu) 2010 [P.U.(A) 481/2010] = |
| Remainder of title | Strategic Trade Act 2010 : Strategic Trade United ( United Nations Security Council Resolutions) Regulations 2010 [P.U.(A) 481/2010] . |
| 260 ## - PUBLICATION, DISTRIBUTION, ETC. | |
| Place of publication, distribution, etc. | Kuala Lumpur; |
| Name of publisher, distributor, etc. | Percetakan Nasional Berhad, |
| Date of publication, distribution, etc. | 2010. |
| 300 ## - PHYSICAL DESCRIPTION | |
| Extent | 202pages |
| Dimensions | 25cm |
| 490 1# - SERIES STATEMENT | |
| Series statement | Undang-undang Malaysia |
| 500 ## - GENERAL NOTE | |
| General note | Juga Mengandungi tajuk -<br/>Peraturan-Peraturan Perdagangan Strategik 2010 = Strategic Trade Regulations 2010 [P.U.(A) 482/2010]<br/>Peraturan-peraturan Perdagangan Strategik (Pindaan Jadual) 2010 = Strategic Trade ( Amendment Of Schedule) Order 2010 [P.U.(A) 483/2010]<br/>Perintah Perdagangan Strategik (Pengguna Akhir Terhad dan Pengguna Akhir Terlarang) 2010 = Strategic Trade( Restricted End-Users and Prohibited End-Users) Order 2010 [P.U.(A) 484/2010] |
| 500 ## - GENERAL NOTE | |
| General note | Teks sejajar dalam bahasa Malaysia dan Inggeris |
| 650 1# - SUBJECT ADDED ENTRY--TOPICAL TERM | |
| Topical term or geographic name entry element | Trade regulation |
| Geographic subdivision | Malaysia |
| 9 (RLIN) | 2454 |
| 650 2# - SUBJECT ADDED ENTRY--TOPICAL TERM | |
| Topical term or geographic name entry element | Administrative acts |
| General subdivision | Law and legislation |
| Geographic subdivision | Malaysia |
| 9 (RLIN) | 5046 |
| 710 ## - ADDED ENTRY--CORPORATE NAME | |
| Corporate name or jurisdiction name as entry element | Kementerian Perdagangan Antarabangsa dan Industri |
| 9 (RLIN) | 5047 |
| 942 ## - ADDED ENTRY ELEMENTS (KOHA) | |
| Source of classification or shelving scheme | |
| Koha item type | Book |
| 950 ## - LOCAL HOLDINGS (RLIN) | |
| Permanent shelving location, LOC (RLIN) | AKMAL |
| Withdrawn status | Lost status | Source of classification or shelving scheme | Damaged status | Not for loan | Collection code | Home library | Current library | Shelving location | Date acquired | Inventory number | Total Checkouts | Full call number | Barcode | Date last seen | Price effective from | Koha item type |
|---|---|---|---|---|---|---|---|---|---|---|---|---|---|---|---|---|
| NON-FICTION | AKMAL Melaka | AKMAL Melaka | PINJAMAN | 17.05.2017 | 305899 | 343.5950855 MAL | 201703239 | 17.05.2017 | 17.05.2017 | Book | ||||||
| NON-FICTION | AKMAL Melaka | AKMAL Melaka | PINJAMAN | 17.05.2017 | 305903 | 343.5950855 MAL | 201703240 | 17.05.2017 | 17.05.2017 | Book | ||||||
| NON-FICTION | AKMAL Melaka | AKMAL Melaka | PINJAMAN | 17.05.2017 | 305900 | 343.5950855 MAL | 201703241 | 17.05.2017 | 17.05.2017 | Book | ||||||
| NON-FICTION | AKMAL Melaka | AKMAL Melaka | PINJAMAN | 17.05.2017 | 305902 | 343.5950855 MAL | 201704358 | 22.05.2017 | 17.05.2017 | Book |
